000 00907cam a22002771a 4500
001 6900603
003 ARRUPE
005 20160517153440.0
008 750930s1937 nyua 001 0 eng
010 _a 37031474
035 _a(OCoLC)1665224
040 _aDLC
_cTxU-Da
_dMoSU-L
_dDLC
050 0 0 _aBD125
_b.M6
100 1 _aMorrison, Bakewell,
_d1894-
_924388
245 1 0 _aThink & live /
_cby Bakewell Morrison and Stephen J. Reuve.
260 _aNew York :
_bBruce Pub. Co.,
_c1937.
300 _avii, 183 p. :
_bill. ;
_c23 cm.
440 0 _aScience and culture series
_924389
500 _a"This volume is a presentation of part of Scholastic philosophy"--P. v.
500 _aIncludes index.
650 0 _aPhilosophy and religion.
_924390
700 1 _aReuve, Stephen J.
_924391
740 0 _aThink and live.
906 _a7
_bcbc
_coclcrpl
_du
_encip
_f19
_gy-gencatlg
942 _2lcc
_cMONOGRAPH
999 _c124797
_d124797